000157004 001__ 157004
000157004 005__ 20250520133221.0
000157004 037__ $$aGDOC-2024-25866
000157004 041__ $$aspa
000157004 041__ $$aeng
000157004 100__ $$0(orcid)0000-0002-5999-341X$$1331114$$aAna Belén Arauzo, García
000157004 24500 $$925866$$aFísica I
000157004 24200 $$925866$$aPhysics I
000157004 260__ $$aZaragoza$$bUniversidad de Zaragoza$$c2024-2025
000157004 521__ $$9111$$aGrado en Ingeniería en Diseño Industrial y Desarrollo de Producto$$bBachelor's Degree in Industrial Design and Product Development Engineering
000157004 540__ $$aby-nc-sa$$bCreative Commons$$c3.0$$uhttp://creativecommons.org/licenses/by-nc-sa/3.0/
000157004 700__ $$0(orcid)0000-0001-7930-272X$$1181241$$aJulia Lobera, Salazar
000157004 700__ $$0(orcid)0000-0003-3178-5253$$1463271$$aFrancisco José Torcal, Milla
000157004 830__ $$9558
000157004 8564_ $$s8460$$uhttps://zaguan.unizar.es/record/157004/files/guia-25866-en.pdf$$yGuide (english)
000157004 8564_ $$s8565$$uhttps://zaguan.unizar.es/record/157004/files/guia-25866-es.pdf$$yGuía (idioma español)
000157004 970__ $$aGDOC-2024-25866
000157004 980__ $$aGDOC$$bEngineering and Architecture$$bIngeniería y Arquitectura$$c110